000 00404nam a2200109Ia 4500
008 171204s9999 xx 000 0 und d
245 _aGlobal Population Health and Well- Being in the 21st Century: Toward New Paradigms, Policy, and Practice
245 _cGeorge Lueddeke PhD
260 _c2016
650 _xField Study 4: Exploring the Curriculum
856 _uhttp://down.ebook777.com/045/0826127673.pdf
999 _c345818
_d345818